| 000 | 02490nam a2200481Ii 4500 | ||
|---|---|---|---|
| 001 | DIGRBN0312 | ||
| 003 | NyNyDIG | ||
| 006 | m o d | ||
| 008 | 170710s2017 sp ob 000 0 spa d | ||
| 007 | cr ||||||||||| | ||
| 035 | _a(OCoLC)993537795 | ||
| 040 |
_aDGITA _beng _erda _epn _cDGITA |
||
| 020 |
_a9788416938223 _q(eBook) |
||
| 020 |
_a8416938229 _q(eBook) |
||
| 020 | _z9788416938216 | ||
| 020 | _z8416938210 | ||
| 043 | _ae-sp--- | ||
| 050 | 1 | 4 | _aHX925 ebook |
| 100 | 1 |
_aOvejero Bernal, Anastasio, _eauthor. |
|
| 245 | 1 | 0 |
_aAutogestión para tiempos de crisis : _butilidad de las colectividades libertarias / _cAnastasio Ovejero Bernal. |
| 250 | _aEdición digital. | ||
| 264 | 1 |
_aMadrid : _bEditorial Biblioteca Nueva, _c[2017] |
|
| 300 | _a1 online resource. | ||
| 336 |
_atext _btxt _2rdacontent |
||
| 337 |
_acomputer _bc _2rdamedia |
||
| 338 |
_aonline resource _bcr _2rdacarrier |
||
| 490 | 1 | _aBiblioteca Nueva Universidad. Manuales y obras de referencia | |
| 504 | _aIncludes bibliographical references. | ||
| 505 | 0 | _aNeoliberalismo y expropiación de lo que es de todos -- Alternativas al neoliberalismo : participación de los trabajadores y recuperación colectiva de lo común -- Las colectividades libertarias : qué fueron y en qué consistieron -- Tipos de colectividades y principales características -- Cómo funcionaron las colectividades : organización interna y externa -- Dificultades a que tuvieron que enfrentarse las colectividades : declive y final de la colectivización -- Eficacia de las colectivizaciones : balance final -- Factores que explican por qué las colectividades fueron eficaces. | |
| 588 | 0 | _aOnline resource; title from PDF title page (Digitalia, viewed July 10, 2017) | |
| 650 | 0 |
_aLibertarianism _zSpain _y20th century. |
|
| 650 | 0 |
_aAnarchism _zSpain _y20th century. |
|
| 650 | 0 |
_aManagement _xEmployee participation _zSpain _y20th century. |
|
| 650 | 0 | _aFinancial crises. | |
| 655 | 0 | _aElectronic books. | |
| 791 | 2 |
_aDigitalia (Firm), _edistributor. |
|
| 793 | 0 |
_gDigitalia eBook Collection: _aBiblioteca Nueva |
|
| 776 | 0 | 8 |
_iPrint version: _aOvejero Bernal, Anastasio. _tAutogestión para tiempos de crisis. _dMadrid : Editorial Biblioteca Nueva, ©2017 _z9788416938216 _w(OCoLC)981082704 |
| 830 | 0 |
_aBiblioteca nueva universidad. _pManuales y obras de referencia. |
|
| 856 | 4 | 0 |
_3Digitalia Hispánica _uhttps://www.digitaliapublishing.com/a/45938/ |
| 910 | _aPremium collection: 2017 | ||
| 942 | _cRAA | ||
| 999 |
_c249276 _d249276 |
||